Sistema tributario español y comparado / César Albiñana García-Quintana
ISBN:
84-309-1347-5
Descripción Física:
964 p. ; 24 cm
Colección:
Biblioteca Universitaria de Editorial Tecnos
MARC
| LEADER | 00000nam a2200000Ia 4500 | ||
|---|---|---|---|
| 001 | 17361 | ||
| 008 | 160829s1986 xx 000 0 cat d | ||
| 020 | |a 84-309-1347-5 | ||
| 080 | |a D-3-86 | ||
| 100 | |a Albiñana García-Quintana, César |9 22287 | ||
| 245 | |a Sistema tributario español y comparado / César Albiñana García-Quintana | ||
| 260 | |a Madrid : |b Tecnos, |c 1986 | ||
| 300 | |a 964 p. ; |c 24 cm | ||
| 490 | |a Biblioteca Universitaria de Editorial Tecnos | ||
| 650 | |a Impostos |x Espanya |9 25281 | ||
| 650 | 0 | |a Dret fiscal |z Espanya |9 18737 | |
| 650 | 0 | |a Finances públiques |z Espanya |9 18741 | |
| 901 | |a Arxiu | ||
| 942 | |n 1 | ||
| 952 | |0 1 |1 0 |2 udc |4 0 |5 2 |6 D386 |7 1 |9 42158 |a Arxiu |b Arxiu |d 2016-12-01 |l 0 |o D-3-86 |p 17361 |r 2016-12-01 00:00:00 |w 2016-12-01 |y ARXIU | ||
| 999 | |c 44605 |d 44605 | ||